| 000 | 00460nam a2200169Ia 4500 | ||
|---|---|---|---|
| 008 | 240729s9999 xx 000 0 und d | ||
| 022 | _a2420-8124 | ||
| 245 | 0 | _aHealth Psychology Research | |
| 260 | _aUnited States | ||
| 260 | _bOpen Medical Publishing | ||
| 650 | _a Mental healing | ||
| 650 | _a Other systems of medicine | ||
| 650 | _aMedicine | ||
| 856 | _uhttps://doaj.org/toc/b9425c876e8e4c06a79bddbf2986f840 | ||
| 942 | _2ddc | ||
| 942 | _cDOAJEJ | ||
| 999 |
_c66470 _d66470 |
||
| 945 |
_a1 _bMadushi Gamage _c1 _dMadushi Gamage |
||